000 00571nam a2200169 4500
001 143128
003 ES-MaACL
005 20230906200731.0
007 t|
008 070214s1933 sp r ||||1| spa d
111 2 _aSemana Social de España (
_cMadrid (
_d1933) (
_n. 7ª)
_9220857
245 1 3 _aLa crisis moral, social y económica del mundo
_b: Semana Social de Madrid, (15-22 octubre de 1933) : programa del 7ª. curso.
260 _aMadrid :
_b[s.n.],
_c1933 (
_fSobrinos de J. M. Minuesa)
300 _a70 p.
852 _aES-MaACL
_j1780-F-15
999 _c143128
_d143128